• 首页
  • 本馆介绍
  • 公告通知
  • 最新文献
  • 馆藏检索
  • 电子资源
  • 读者导购
  • 参考咨询
  • 我的图书馆
  • 登录
  • 详细信息显示
  • 放入我的书架
  • 预约/预借图书
  • 作者相关作品
  • 分类相关作品
  • 丛书相关作品
  • 出版社相关作品

书目信息

  • 表格格式
  • 工作单格式
  • 卡片格式
题名:
房地产会计
    
 
作者: 武玉荣 编著
分册:  
出版信息: 北京   首都经济贸易大学出版社  2017
页数: 440页
开本: 24cm
丛书名: 房地产经营管理丛书
单 册:
中图分类: F293.342 , F293.3
科图分类:
主题词: 房地产业--会计
电子资源:
ISBN: 978-7-5638-2674-2
000 00885oam2 2200265 450
001 2360751291
005 20231110123222.79
010    @a978-7-5638-2674-2@dCNY49.00
100    @a20181129d2017 em y0chiy50 ea
101 0  @achi
102    @aCN@b110000
105    @ay z 000yy
200 1  @a房地产会计@Afang di chan kuai ji@f武玉荣编著
205    @a7版
210    @a北京@c首都经济贸易大学出版社@d2017
215    @a440页@d24cm
225 2  @a房地产经营管理丛书
330    @a本书依据我国会计制度改革的最新内容,结合房地产业的特点和具体要求,先分章论述了会计基本要素的确认、计量和记录,并在最后一章以财务会计报告的形式,论述了会计要素的对外报告。
461  0 @12001 @a房地产经营管理丛书
606 0  @a房地产业@x会计
690    @aF293.342@v5
690    @aF293.3@v4
701  0 @a武玉荣@Awu yu rong@f(1942~)@4编著
801  0 @aCN@b安徽时代@c20230923
905    @aBZT@dF293.3@e27=7
    
    房地产会计/武玉荣编著.-7版.-北京:首都经济贸易大学出版社,2017
    440页;24cm.-(房地产经营管理丛书)
    
    
    ISBN 978-7-5638-2674-2:CNY49.00
    本书依据我国会计制度改革的最新内容,结合房地产业的特点和具体要求,先分章论述了会计基本要素的确认、计量和记录,并在最后一章以财务会计报告的形式,论述了会计要素的对外报告。
●
相关链接 在五车中查询图书 在当当中查询图书 在豆瓣中查询图书


正题名:房地产会计     索取号:F293.3/27=7         预约/预借

序号 登录号 条形码 馆藏地/架位号 状态 备注
1 2000918311   2000918311   第四书库/四6架A面1层2列/ [索取号:F293.3/27=7] 在馆    
2 2000918312   2000918312   第四书库/四6架A面1层2列/ [索取号:F293.3/27=7] 在馆    
3 2000918313   2000918313   第四书库/四6架A面1层2列/ [索取号:F293.3/27=7] 在馆    
4 2000918314   2000918314   第四书库/四6架A面1层2列/ [索取号:F293.3/27=7] 在馆    
5 2000918315   2000918315   第四书库/四6架A面1层2列/ [索取号:F293.3/27=7] 在馆    
6 2000918316   2000918316   第四书库/四6架A面1层2列/ [索取号:F293.3/27=7] 在馆    
山东省滨州职业学院图书馆 欢迎您!
大连网信软件有限公司© 版权所有